[Event "AUTO-INT-3718"]
[Site "http://www.queenalice.com/game.php?id=1775596"]
[Date "2021.11.24"]
[Round "1"]
[White "Castling"]
[Black "balu"]
[Result "1-0"]
[WhiteElo "1638"]
[BlackElo "1541"]

1. e4 e5 2. Bc4 d6 3. h3 Nf6 4. d3 Bd7 5. Nc3 c6 6. Bg5 Be7 7. Nf3 h6 8. Be3 b5
9. Bb3 a5 10. a3 a4 11. Ba2 Na6 12. Qd2 Be6 13. Bxe6 fxe6 14. d4 O-O 15. dxe5
dxe5 16. Nxe5 Qxd2+ 17. Bxd2 Nc5 18. Ng6 Rfe8 19. Nxe7+ Rxe7 20. O-O-O Ncxe4 21.
Rhf1 Nxc3 22. Bxc3 Nd5 23. Bd4 Nf4 24. Be5 Nxg2 25. Rd6 Rc8 26. Rfd1 Rf7 27.
Rxe6 Rxf2 28. Re7 1-0

[Event "AUTO-INT-3718"]
[Site "http://www.queenalice.com/game.php?id=1775597"]
[Date "2021.11.24"]
[Round "1"]
[White "balu"]
[Black "mvson33"]
[Result "0-1"]
[WhiteElo "1550"]
[BlackElo "1829"]

1. e4 e5 2. Nf3 Nc6 3. Bb5 a6 4. Bxc6 dxc6 5. Nxe5 Qd4 6. Nd3 Qxe4+ 7. Qe2 Qxe2+
8. Kxe2 Nf6 9. Re1 Be7 10. Kf1 Be6 11. b3 O-O 12. a4 Bd6 13. a5 Rfe8 14. Kg1 Bf5
15. Rf1 Bxd3 16. cxd3 Rad8 17. Bb2 Be7 18. d4 Nd5 19. Na3 Nf6 20. h3 Nd5 21. Nc4
Nb4 22. Bc3 Nc2 23. Ra2 Nb4 24. Bxb4 Bxb4 25. f4 Re2 26. f5 Rxd4 27. f6 Bc5 28.
Kh1 Bb4 29. fxg7 Kxg7 30. Ne3 Rdxd2 31. Rxd2 Bxd2 32. Nf5+ Kg6 0-1

[Event "AUTO-INT-3718"]
[Site "http://www.queenalice.com/game.php?id=1775598"]
[Date "2021.11.24"]
[Round "1"]
[White "mvson33"]
[Black "balu"]
[Result "1-0"]
[WhiteElo "1824"]
[BlackElo "1555"]

1. e4 e5 2. Nf3 Nc6 3. Bc4 h6 4. Nc3 Bc5 5. O-O Na5 6. Bb3 Nf6 7. Nxe5 Nxb3 8.
axb3 d6 9. Nf3 Bg4 10. Ra4 Bxf3 11. Qxf3 a6 12. d4 b5 13. Ra1 Bxd4 14. Bd2 O-O
15. Rfd1 Qc8 16. Be3 Bxe3 17. Qxe3 c6 18. Rxd6 Qc7 19. Rad1 Ng4 20. Qg3 b4 21.
Ne2 h5 22. Nf4 Rae8 23. Rd7 Qe5 24. Nd3 Qxg3 25. hxg3 a5 26. Nc5 f5 27. exf5 Re2
28. f3 Ne3 29. R1d2 Rxd2 30. Rxd2 Rxf5 31. Ne4 Rf7 32. Re2 Nf5 33. Kf2 1-0

[Event "AUTO-INT-3721"]
[Site "http://www.queenalice.com/game.php?id=1776316"]
[Date "2021.12.5"]
[Round "1"]
[White "Archer"]
[Black "balu"]
[Result "1-0"]
[WhiteElo "1626"]
[BlackElo "1466"]

1. e4 e5 2. Nf3 Nc6 3. Bb5 f6 4. Bxc6 bxc6 5. d4 Bd6 6. d5 Ne7 7. Nc3 Bb7 8. Be3
Ba6 9. a3 O-O 10. Nh4 cxd5 11. exd5 f5 12. Qf3 e4 13. Qd1 Bb7 14. g3 Bxd5 15.
Nxd5 Nxd5 16. Qxd5+ Kh8 17. Nxf5 Qf6 18. Nh4 Qxb2 19. O-O Qxc2 20. Nf5 Qd3 21.
Qa2 Rxf5 22. Rad1 1-0

[Event "AUTO-INT-3721"]
[Site "http://www.queenalice.com/game.php?id=1776317"]
[Date "2021.12.5"]
[Round "1"]
[White "balu"]
[Black "Archer"]
[Result "1-0"]
[WhiteElo "1559"]
[BlackElo "1632"]

1. e4 e5 2. Nf3 Nc6 3. Bc4 a6 4. d3 d6 5. h3 Nd4 6. Ng5 Nh6 7. c3 Ne6 8. Nxe6
Bxe6 9. Bxe6 fxe6 10. c4 c6 11. Bxh6 gxh6 12. Nc3 Qg5 13. O-O h5 14. Qf3 O-O-O
15. Qg3 Qh6 16. Na4 Kc7 17. c5 d5 18. Qxe5+ Kc8 19. Nb6# 1-0

[Event "AUTO-INT-3721"]
[Site "http://www.queenalice.com/game.php?id=1776324"]
[Date "2021.12.5"]
[Round "1"]
[White "balu"]
[Black "mvson33"]
[Result "0-1"]
[WhiteElo "1545"]
[BlackElo "1834"]

1. e4 e5 2. Nf3 Nc6 3. Bc4 Bc5 4. c3 Nf6 5. d4 exd4 6. cxd4 Bb6 7. Ng5 O-O 8.
Nc3 d6 9. O-O Nxd4 10. Be3 Nc6 11. Bxb6 axb6 12. a3 h6 13. Nf3 Bf5 14. exf5 Qd7
15. Nd4 Nxd4 16. Qxd4 Qxf5 17. Nb5 Rac8 18. a4 Qe4 19. Qxe4 Nxe4 20. Rfd1 Rfe8
21. Nd4 Re7 22. Nf5 Re5 23. Rd5 Rce8 24. f3 Nf6 25. Rxe5 Rxe5 26. Nd4 Re7 27.
Nf5 Re8 28. h3 Re5 29. Bd3 Rd5 0-1

[Event "AUTO-INT-3721"]
[Site "http://www.queenalice.com/game.php?id=1776325"]
[Date "2021.12.5"]
[Round "1"]
[White "mvson33"]
[Black "balu"]
[Result "1-0"]
[WhiteElo "1717"]
[BlackElo "1537"]

1. e4 e5 2. Nf3 f6 3. Bc4 a6 4. d4 d6 5. dxe5 dxe5 6. O-O Nh6 7. Qxd8+ Kxd8 8.
Bd2 Nc6 9. Rd1 Bd6 10. Nc3 Bg4 11. Be2 Nd4 12. h3 Bxf3 13. Bxf3 Nxf3+ 14. gxf3
c6 15. Bxh6 Kc7 16. Be3 g5 17. Rd3 h5 18. Kg2 Rag8 19. Rad1 Rd8 20. Na4 Rhg8 21.
Bb6+ Kb8 22. Bxd8 1-0

[Event "AUTO-INT-3722"]
[Site "http://www.queenalice.com/game.php?id=1776758"]
[Date "2021.12.10"]
[Round "1"]
[White "SamuraiJOM"]
[Black "balu"]
[Result "1-0"]
[WhiteElo "1711"]
[BlackElo "1479"]

1. e4 e5 2. Nf3 Nc6 3. a3 Nf6 4. c3 Nxe4 5. Qe2 d5 6. c4 dxc4 7. Qxc4 Nf6 8. Be2
Be6 9. Qc3 h6 10. d3 Bd6 11. Nbd2 O-O 12. h3 Nd5 13. Qc2 Nd4 14. Nxd4 exd4 15.
Nf3 c5 16. Nd2 Nf4 17. Bg4 Nxg2+ 18. Kf1 Bd5 19. Rh2 1-0

[Event "AUTO-INT-3722"]
[Site "http://www.queenalice.com/game.php?id=1776759"]
[Date "2021.12.10"]
[Round "1"]
[White "balu"]
[Black "SamuraiJOM"]
[Result "0-1"]
[WhiteElo "1472"]
[BlackElo "1718"]

1. e4 e5 2. Nf3 Nc6 3. Bb5 a6 4. Bxc6 dxc6 5. Nc3 Bc5 6. Nxe5 Nf6 7. h3 h5 8. a3
Be6 9. d3 Qe7 10. Be3 Bxe3 11. fxe3 Bd7 12. Nxd7 Nxd7 13. O-O O-O-O 14. b4 c5
15. bxc5 Qxc5 16. Qe1 f6 17. Qd2 Qd6 18. a4 c6 0-1

[Event "AUTO-INT-3722"]
[Site "http://www.queenalice.com/game.php?id=1776776"]
[Date "2021.12.10"]
[Round "1"]
[White "balu"]
[Black "profeta"]
[Result "1-0"]
[WhiteElo "1522"]
[BlackElo "1503"]

1. e4 e5 2. Nf3 Nc6 3. Bb5 Nf6 4. Nc3 a6 5. Bxc6 bxc6 6. Nxe5 Qe7 7. d4 c5 8.
Bf4 Bb7 9. O-O Nxe4 10. dxc5 Nxc3 11. bxc3 O-O-O 12. Re1 Qe6 13. a4 d6 14. Nc6
Qg6 15. Qf3 Qf6 16. Na7+ Kb8 17. c6 Ba8 18. Rab1+ Bb7 19. Rxb7+ Ka8 20. Rxc7 Rb8
21. Rc8 Rxc8 22. c7+ Kxa7 23. Be3+ 1-0

[Event "AUTO-INT-3722"]
[Site "http://www.queenalice.com/game.php?id=1776777"]
[Date "2021.12.10"]
[Round "1"]
[White "profeta"]
[Black "balu"]
[Result "1-0"]
[WhiteElo "1485"]
[BlackElo "1540"]

1. e4 e5 2. Nf3 Nc6 3. Nc3 Nf6 4. d4 d6 5. dxe5 dxe5 6. Bb5 a6 7. Bxc6+ bxc6 8.
Qxd8+ Kxd8 9. Nxe5 Bb7 10. Nxf7+ Kd7 11. Nxh8 Ke7 12. Bg5 a5 13. O-O Ba6 14.
Rfe1 Bc4 15. e5 Be6 16. exf6+ gxf6 17. Bf4 Bg7 18. Rad1 Rxh8 19. Bxc7 Kf7 20.
Ne4 f5 21. Nd6+ Ke7 22. Nxf5+ Kf6 23. Nxg7 1-0

[Event "AUTO-INT-3723"]
[Site "http://www.queenalice.com/game.php?id=1776912"]
[Date "2021.12.12"]
[Round "1"]
[White "balu"]
[Black "Castling"]
[Result "0-1"]
[WhiteElo "1518"]
[BlackElo "1661"]

1. e4 e5 2. Nf3 d6 3. Bc4 h6 4. h3 Nf6 5. Nc3 a6 6. d4 Nc6 7. dxe5 Nxe5 8. Nxe5
dxe5 9. Qxd8+ Kxd8 10. O-O Be6 11. Bxe6 Bd6 12. Nd5 fxe6 13. Nc3 Kd7 14. f3 Bc5+
15. Kh1 Rad8 16. Na4 Bd4 17. Rd1 Kc8 18. Rd2 Nd7 19. c3 Be3 20. Re2 Bxc1 0-1

[Event "AUTO-INT-3723"]
[Site "http://www.queenalice.com/game.php?id=1776913"]
[Date "2021.12.12"]
[Round "1"]
[White "Castling"]
[Black "balu"]
[Result "1-0"]
[WhiteElo "1650"]
[BlackElo "1529"]

1. e4 e5 2. Bc4 Bc5 3. Nf3 f6 4. a3 Ne7 5. d4 exd4 6. Nxd4 Bxd4 7. Qxd4 Nbc6 8.
Qe3 Ne5 9. Bb3 b6 10. Nc3 d6 11. h3 Ba6 12. Bd2 Nc4 13. Qg3 Ng6 14. O-O-O O-O
15. Qd3 Ne5 16. Bxc4+ Bxc4 17. Qd4 c5 18. Qe3 Nc6 19. Nd5 1-0

[Event "AUTO-INT-3723"]
[Site "http://www.queenalice.com/game.php?id=1776914"]
[Date "2021.12.12"]
[Round "1"]
[White "balu"]
[Black "Danado"]
[Result "0-1"]
[WhiteElo "1508"]
[BlackElo "1532"]

1. e4 e5 2. Nf3 d6 3. Bc4 Bg4 4. h3 Bxf3 5. Qxf3 Nf6 6. d3 Nc6 7. Nc3 Nd4 8. Qd1
c6 9. b4 d5 10. exd5 cxd5 11. Bb3 Nxb3 12. axb3 Bxb4 13. Bd2 Bxc3 14. Bxc3 d4
15. Bd2 O-O 16. Bb4 Re8 17. O-O a6 18. Qf3 b6 19. Bd2 a5 20. Qg3 Qc8 21. Bh6 g6
0-1

[Event "AUTO-INT-3723"]
[Site "http://www.queenalice.com/game.php?id=1776915"]
[Date "2021.12.12"]
[Round "1"]
[White "Danado"]
[Black "balu"]
[Result "1-0"]
[WhiteElo "1547"]
[BlackElo "1493"]

1. e3 e5 2. d4 Bd6 3. dxe5 Bxe5 4. Nf3 Nc6 5. Nxe5 Nxe5 6. Nc3 Nf6 7. Bd3 Nxd3+
8. Qxd3 h6 9. e4 O-O 10. O-O c6 11. h3 d6 12. Qg3 Nh5 13. Qe3 b6 14. Rd1 Re8 15.
Qd3 Re6 16. Re1 Rg6 17. e5 Bxh3 18. Qxh3 dxe5 19. Qxh5 Kf8 20. Rxe5 Qd7 21. Be3
Re8 22. Rxe8+ 1-0

[Event "AUTO-INT-3723"]
[Site "http://www.queenalice.com/game.php?id=1776916"]
[Date "2021.12.12"]
[Round "1"]
[White "balu"]
[Black "ajr"]
[Result "0-1"]
[WhiteElo "1428"]
[BlackElo "1771"]

1. e4 c5 2. Bc4 e5 3. Nf3 d6 4. h3 Nf6 5. Nc3 a6 6. d3 h6 7. a4 Be7 8. a5 Nc6 9.
Nd5 Nxd5 10. Bxd5 Qc7 0-1

[Event "AUTO-INT-3726"]
[Site "http://www.queenalice.com/game.php?id=1777758"]
[Date "2021.12.20"]
[Round "1"]
[White "profeta"]
[Black "balu"]
[Result "1-0"]
[WhiteElo "1701"]
[BlackElo "1566"]

1. e4 e5 2. Nc3 Nf6 3. Nf3 Bd6 4. d4 Nc6 5. d5 Ne7 6. Bg5 Ng6 7. Bxf6 Qxf6 8. h3
Bb4 9. a3 Bc5 10. Nb5 Qb6 11. Nh4 Nxh4 12. Qe2 a6 13. b4 Bd4 14. Nxd4 Qxd4 15.
Rd1 Qc3+ 16. Qd2 Qxa3 17. c3 d6 18. Qg5 Qxc3+ 19. Qd2 1-0

[Event "AUTO-INT-3726"]
[Site "http://www.queenalice.com/game.php?id=1777759"]
[Date "2021.12.20"]
[Round "1"]
[White "balu"]
[Black "profeta"]
[Result "0-1"]
[WhiteElo "1578"]
[BlackElo "1689"]

1. e4 e5 2. Nf3 Nc6 3. Bb5 a6 4. Bxc6 dxc6 5. Nxe5 Nf6 6. d4 Nxe4 7. Be3 f6 8.
Nc3 Nxc3 9. bxc3 fxe5 10. dxe5 Bb4 11. cxb4 b5 12. Qxd8+ Kxd8 13. O-O Re8 14.
Rad1+ Ke7 15. Bc5+ Kf7 16. f4 Bg4 17. Rde1 Rad8 18. h3 Bf5 19. c3 Rd3 0-1

[Event "AUTO-INT-3726"]
[Site "http://www.queenalice.com/game.php?id=1777774"]
[Date "2021.12.20"]
[Round "1"]
[White "balu"]
[Black "delphicoracle"]
[Result "0-1"]
[WhiteElo "1555"]
[BlackElo "1483"]

1. e4 e5 2. Nf3 Nf6 3. Nc3 Bb4 4. d3 Nc6 5. Bd2 d5 6. Nxd5 Bxd2+ 7. Qxd2 Nxd5 8.
h3 Nf6 9. Be2 O-O 10. a4 Qd6 11. O-O Nh5 12. c3 Nf4 13. a5 Bxh3 14. Nh4 Qh6 0-1

[Event "AUTO-INT-3726"]
[Site "http://www.queenalice.com/game.php?id=1777775"]
[Date "2021.12.20"]
[Round "1"]
[White "delphicoracle"]
[Black "balu"]
[Result "1-0"]
[WhiteElo "1508"]
[BlackElo "1555"]

1. d4 d5 2. Nc3 Nf6 3. Bg5 Bf5 4. f3 e6 5. e4 Bg6 6. e5 Be7 7. exf6 Bxf6 8. Bxf6
Qxf6 9. Bd3 Nc6 10. Nge2 Nxd4 11. Nxd4 O-O 12. Bxg6 Qxg6 13. O-O c5 14. Nde2 1-0